000 00394nam a22001337a 4500
005 20260617095139.0
008 181226b ||||| |||| 00| 0 eng d
040 _cPK-LaUMT
082 _aRHC 297.74
_bABU-S
100 1 _aMaududi, Syed Abul Ala
_911418
245 _aShahadat ul Haq(شھادۃ الحق)/
_cAbul Ala Maududi
260 _aالریاض
_bالدارسعودیۃ
_c1985
942 _cBK
999 _c109808
_d109808